CASES ON DATABASE TECHNOLOGIES AND APPLI (Record no. 8496)

MARC details
000 -LEADER
fixed length control field 00363nam a2200133Ia 4500
008 - FIXED-LENGTH DATA ELEMENTS--GENERAL INFORMATION
fixed length control field 240624s9999 xx 000 0 und d
041 ## - LANGUAGE CODE
Language code of text/sound track or separate title eng
082 ## - DEWEY DECIMAL CLASSIFICATION NUMBER
Classification number 005.74068 POU
100 ## - MAIN ENTRY--PERSONAL NAME
Personal name KHOSROW POUR MEHDI
245 ## - TITLE STATEMENT
Title CASES ON DATABASE TECHNOLOGIES AND APPLI
260 ## - PUBLICATION, DISTRIBUTION, ETC.
Date of publication, distribution, etc. 2006
Place of publication, distribution, etc. London
Name of publisher, distributor, etc. Idea Group Publishing
300 ## - PHYSICAL DESCRIPTION
Extent xi, : 292 : p. : cm. ; 25
365 ## - TRADE PRICE
Currency code
Price amount 36
Holdings
Withdrawn status Lost status Damaged status Not for loan Home library Current library Shelving location Date acquired Source of acquisition Cost, normal purchase price Full call number Barcode Date last seen Copy number Price effective from Koha item type
        IMTN IMTN Rack 3-B 03/17/2008 MM 69.95 005.74068 POU 8496 06/24/2024 41.6 06/24/2024 Books
Designed & Maintained by: LRC IMT Nagpur Contact: lrc@imtnag.ac.in© 2024. All Rights Reserved.